Reliez les acteurs de Friends à leur personnage - Statistiques

Statistiques générales
  • Ce quiz a été pris 536 fois
  • Le résultat moyen est 10 sur 12
Statistiques - réponses
Hint Réponse % Correct
Courteney Cox Monica Geller
97%
Lisa Kudrow Phoebe Buffay
97%
Matthew Perry Chandler Bing
96%
Jennifer Aniston Rachel Green
96%
Matt LeBlanc Joey Tribbiani
94%
David Schwimmer Ross Geller
93%
Jessica Hecht Susan Bunch
86%
James Michael Tyler Gunther
78%
Cole Sprouse Ben Geller
76%
Paul Rudd Mike Hannigan
72%
Tom Selleck Richard Burke
72%
Maggie Wheeler Janice Littman Guralnick
70%
Aucun quiz correspondant
Distribution des résultats
% des personnes avec chaque résultat
Percentile par nombre de réponses
Votre historique - résultats
Vous n’avez pas pris ce quiz